000 00450 a2200145 4500
005 20250613083640.0
020 _a778-1-292-06750-6
082 _a658.15DAY
100 _aALASTAIR L. DAY
245 _aMastering Financial Mathematics in Microsoft Excel: A practical Guide for Business Calculations
250 _a3th Ed
260 _aUSA
_bNew York,
_c2005.
300 _axvi, 367p, ill, table, figure, picture
_bAppendix, Index
_c24cm
942 _2ddc
_cBKS
999 _c3949
_d3949